Análisis comparativo de la implementación de la salud y seguridad ocupacional en tres empresas constructoras nacionales
Gardado en:
| Autor Principal: | |
|---|---|
| Formato: | Libro |
| Publicado: |
San José, C.R
2002
|
| Materias: | |
| Etiquetas: |
Engadir etiqueta
Sen Etiquetas, Sexa o primeiro en etiquetar este rexistro!
|
MARC
| LEADER | 00000nam a2200000Ia 4500 | ||
|---|---|---|---|
| 003 | 009010 | ||
| 005 | 20221231144152.0 | ||
| 008 | 140114s2002 cr a 000 ||s d | ||
| 040 | |c cru CEDI | ||
| 090 | |a TFG 4571 | ||
| 100 | |a Cascante Delgado, Carolina |9 7213 | ||
| 245 | |a Análisis comparativo de la implementación de la salud y seguridad ocupacional en tres empresas constructoras nacionales | ||
| 260 | |c 2002 |a San José, C.R | ||
| 300 | |a 173 hojas, [18] hojas : ilustraciones (algunas a color) | ||
| 500 | |a Tesis (licenciatura en ingeniería civil)--Universidad de Costa Rica. Facultad de Ingeniería. Escuela de Ingeniería Civil | ||
| 650 | |x SEGURIDAD INDUSTRIAL |x SALUD OCUPACIONAL |x INDUSTRIA DE LA CONSTRUCCION |x MEDIDAS DE SEGURIDAD |9 7214 | ||
| 942 | |c TFG | ||
| 999 | |c 17873 |d 17873 | ||
